Comuni della Provincia di Sassari (con mappa) - Statistics

Statistiche generali
  • Questo quiz è stato fatto 71 volte
  • Il punteggio medio è 46 su 66
Risposte nella Mappa
Le risposte nella mappa del quiz sottostante sono codificate secondo una scala di colori dal rosso al verde in base alla % di persone che hanno risposto correttamente.
 
Statistiche sulle risposte
Risposta % Corretto
Sassari
100%
Alghero
94%
Porto Torres
91%
Stintino
91%
Castelsardo
82%
Ittiri
82%
Ossi
82%
Ozieri
82%
Sorso
82%
Muros
79%
Tissi
79%
Bono
76%
Chiaramonti
76%
Giave
76%
Ittireddu
76%
Martis
76%
Olmedo
76%
Romana
76%
Sennori
76%
Anela
73%
Ardara
73%
Bonorva
73%
Cargeghe
73%
Mara
73%
Monteleone Rocca Doria
73%
Ploaghe
73%
Putifigari
73%
Torralba
73%
Uri
73%
Valledoria
73%
Villanova Monteleone
73%
Benetutti
70%
Codrongianos
70%
Florinas
70%
Mores
70%
Nulvi
70%
Osilo
70%
Pattada
70%
Pozzomaggiore
70%
Thiesi
70%
Usini
70%
Bonnanaro
67%
Cheremule
67%
Cossoine
67%
Perfugas
67%
Banari
64%
Bessude
64%
Bottidda
64%
Burgos
64%
Erula
64%
Santa Maria Coghinas
64%
Semestene
64%
Borutta
61%
Nule
61%
Padria
61%
Tergu
61%
Tula
61%
Viddalba
61%
Bulzi
58%
Esporlatu
58%
Illorai
58%
Laerru
58%
Nughedu San Nicolò
58%
Sedini
58%
Bultei
55%
Siligo
55%
Nessun quiz corrispondente trovato
Distribuzione punteggi
Percentuale di utenti per punteggio
Percentile per numero di risposta
I tuoi punteggi nel tempo
Non hai fatto questo quiz